Arbeitsmappe für den Fachbetrieb REHAU - Fassadensystem REHAU - Polytec 50

Gespeichert in:
Bibliographische Detailangaben
Format: Buch
Sprache:Deutsch
Veröffentlicht: Wien: REHAU, [2003]
Tags: Tag hinzufügen
Keine Tags, Fügen Sie das erste Tag hinzu!

MARC

LEADER 00000nam a22000003a 4500
001 0016614
003 SK-STU
005 20171204110458.2
007 ta
008 160823s ----xo-----e------000-0-----d
040 |a STU  |b slo 
041 0 |a ger  |h ger 
044 |a au 
080 |a 69.028 
245 1 0 |a Arbeitsmappe für den Fachbetrieb REHAU - Fassadensystem REHAU - Polytec 50 
260 |a Wien:  |b REHAU,  |c [2003] 
996 |b 284V037108  |c V* 8927/K-1986  |l VVT  |s A  |a 24  |w 0016614_0001